Normal view
MARC view
Entry Topical Term
001 - CONTROL NUMBER
- control field: 4979
003 - CONTROL NUMBER IDENTIFIER
- control field: BD-RjUL
005 - DATE AND TIME OF LATEST TRANSACTION
- control field: 20220925143646.0
008 - FIXED-LENGTH DATA ELEMENTS
- fixed length control field: 220925|| aca||aabn | a|a d
040 ## - CATALOGING SOURCE
- Original cataloging agency: BD-RjUL
- Transcribing agency: BD-RjUL
150 ## - HEADING--TOPICAL TERM
- Topical term or geographic name entry element: হিন্দু ধর্ম
670 ## - SOURCE DATA FOUND
- Source citation: Work cat.: (BD-RjUL)80425: ঠাকুর, শ্রীকান্ত 4978, শ্রী শ্রী গোপালচাঁদ চরিত্র সুধা /, ২০১৫